| 000 | 01246nam a2200253 i 4500 | ||
|---|---|---|---|
| 001 | 184597 | ||
| 003 | ES-MaACL | ||
| 005 | 20250815025706.0 | ||
| 008 | 151027m18851891sp |||| | spa d | ||
| 245 | 0 | 0 | _aIsla de Cuba. |
| 260 |
_aMadrid : _b[s.n.], _c1885-1891 ( _fEst. Tip. "Sucesores de Rivadeneyra") |
||
| 300 |
_a3 v. ; _c24 cm. |
||
| 490 | 1 |
_aColección de documentos inéditos relativos al descubrimiento, conquista y organización de las antiguas posesiones de Ultramar. Segunda serie / publicada por la Real Academia de la Historia ; _v1, 4, 6 |
|
| 530 | _aDisponible en formato digital. | ||
| 651 | 4 |
_aCuba- _xHistoria- _y1492-1524, Descubrimiento y conquista. _9152021 |
|
| 651 | 4 |
_aCuba- _xHistoria- _y1524-1895, Época colonial. _9152022 |
|
| 710 | 2 |
_aReal Academia de la Historia (España) _96309 |
|
| 830 | 1 | 0 |
_aColección de documentos inéditos relativos al descubrimiento, conquista y organización de las antiguas posesiones de Ultramar _v1, 4, 6 _9241781 |
| 852 |
_aES-MaACL _jC-1962 _z(V. 1) |
||
| 852 |
_aES-MaACL _jC-1965 _z(V. 4) |
||
| 852 |
_aES-MaACL _jC-1967 _z(V. 6) |
||
| 856 |
_uhttp://bdh-rd.bne.es/viewer.vm?id=0000022799&page=1 _zBiblioteca Digital Hispánica |
||
| 999 |
_c184597 _d184597 |
||